Del Tajo en la ribera (Record no. 115280)

MARC details
000 -LEADER
campo de control de longitud fija 00677nam a2200217 i 4500
001 - NÚMERO DE CONTROL
campo de control 115280
003 - IDENTIFICADOR DE NÚMERO DE CONTROL
campo de control ES-MaACL
005 - FECHA Y HORA DE LA ÚLTIMA TRANSACCIÓN
campo de control 20250918183858.0
007 - CAMPO FIJO DE DESCRIPCIÓN FÍSICA--INFORMACIÓN GENERAL
campo de control de longitud fija t|
008 - DATOS DE LONGITUD FIJA--INFORMACIÓN GENERAL
campo de control de longitud fija 070228s1909 sp ||||1| spa d
080 ## - NÚMERO DE LA CLASIFICACIÓN DECIMAL UNIVERSAL
Número de la Clasificación Decimal Universal 821.134.2-32"19"
100 1# - ENTRADA PRINCIPAL--NOMBRE DE PERSONA
Nombre de persona López de Haro, Rafael.
9 (RLIN) 73547
245 10 - MENCIÓN DEL TÍTULO
Título Del Tajo en la ribera
Resto del título : novela /
Mención de responsabilidad, etc. Rafael lópez de Haro ; ilustraciones de Agustín.
260 ## - PUBLICACIÓN, DISTRIBUCIÓN, ETC.
Lugar de publicación, distribución, etc. Madrid :
Nombre del editor, distribuidor, etc. El Cuento Semanal,
Fecha de publicación, distribución, etc. 1909.
300 ## - DESCRIPCIÓN FÍSICA
Extensión 18 p. :
Otras características físicas il. ;
Dimensiones 26 cm.
490 1# - MENCIÓN DE SERIE
Mención de serie El cuento semanal ;
Designación de volumen o secuencia 149
700 0# - ENTRADA AGREGADA--NOMBRE PERSONAL
Nombre de persona Agustín,
Fechas asociadas al nombre ca. 1878-1935
9 (RLIN) 171519
830 03 - PUNTO DE ACCESO ADICIONAL DE SERIE-TÍTULO UNIFORME
Título uniforme El cuento semanal
Designación de volumen o secuencia 149
9 (RLIN) 185957
852 ## - LOCALIZACIÓN
Ubicación ES-MaACL
Número de control de estantería G-4444(19)
Holdings
Estatus retirado Estado de pérdida Estado de daño No para préstamo Biblioteca de origen Biblioteca actual Ubicación en estantería Fecha de adquisición Fuente de adquisición Total de préstamos Signatura topográfica completa Código de barras Visto por última vez Precio de reemplazo Tipo de ítem Koha
        Biblioteca del Ateneo de Madrid Biblioteca del Ateneo de Madrid Depósito 2 17/01/2008     G-4444(19) 1120201 23/02/2023 23/02/2023 Libro impreso